Responses for Show #533 - Wednesday, December 24, 1986

Contestants

[<< previous game]

Kathleen Hagen, a registered nurse originally from Ottawa, Canada

Morgan Sloane, a writer and director originally from New York City

Frank Ford, a teacher from Santa Monica, California

[next game >>]

Jeopardy! Round responses

THE CIVIL WAR
NATIONAL AIRLINES
STARTS WITH "H"
PEOPLE
COMPOSERS
FROGS
    $100 6
a man

Triple Stumper
    $100 16
the Israeli airline

Kathleen
    $100 11
Hollywood

Frank
    $100 1
Imelda Marcos

Morgan
    $100 21
"I Write The Songs"

Kathleen
    $100 22
the legs

Morgan
    $200 7
(Frank: What is the South?)

the North

FrankKathleen
    $200 17
(Frank: What is China's airline?)
---
(Alex: The national airline of Nationalist China or [*].)

Taiwan

Frank
Triple Stumper
    $200 12
a hive

Kathleen
    $200 2
Margot Kidder

Morgan
    $200 23
(Kathleen: Who is Johann?)

Richard

MorganKathleen
    $200 27
his throat or his speaking voice

Frank
    $300 8
(Kathleen: What is south?)

north

MorganKathleen
    $300 18
the airline of Spain

Kathleen
    $300 13
halitosis

Kathleen
    $300 3
Princess Di

Frank
    $300 24
(Frank: Who is John Derek?)

Maurice Ravel

Frank
Triple Stumper
    $900 28
(Alex: Frank, is there going to be joy in your world?)
(Frank: If [*] is the right answer.)
[The end-of-round signal sounds.]

Jeremiah the bullfrog

Frank
    $400 9
(Frank: What is Reveille?)

"Taps"

FrankKathleen
    $400 19
the Soviet Union's airline

Frank
    $400 14
havok

Frank
    $400 4
(Alex: Amazing in those days what [*] would do. [*] is the star.)

Charlton Heston

Triple Stumper
    $400 25
Stravinsky

Frank
    $500 10
the Emancipation Proclamation

Kathleen
    $500 20
(Alex: What is the national airline of [*]? That was a toughie.)

Belgium

Triple Stumper
    $500 15
haywire

Triple Stumper
    $500 5
Richard Nixon

Kathleen
    $500 26
(Alex: And we've got less than a minute to go.)

"Mrs. Robinson"

Frank

Scores at the first commercial break (after clue 11):

Frank Morgan Kathleen
-$200 $600 $1,300

Scores at the end of the Jeopardy! Round:

Frank Morgan Kathleen
$2,100 $900 $2,100

Double Jeopardy! Round responses

PHYSICS
INDIA
WORD ORIGINS
FICTIONAL DETECTIVES
NATURE
ROYALTY
    $200 6
curry

Frank
    $200 16
a yuppie

Kathleen
    $200 11
Moonlighting

Frank
    $200 1
Hawaii

Morgan
    $400 7
the monsoon

Kathleen
    $400 17
bears

Frank
    $400 12
Hercule Poirot

Frank
    $400 25
[The end-of-round signal sounds.]

centipedes

Frank
    $400 2
Grace Kelly

Frank
    $300 8
(Kathleen: [Shaking her head.] No.)

Kashmir

Kathleen
    $600 18
(Alex: Julep, right.)

a mint julep

Morgan
    $600 13
(Morgan: Who is Rick Stout?)

Nero Wolfe

FrankMorgan
    $600 24
a blind

Frank
    $600 3
Catherine the Great

Triple Stumper
    $800 9
(Frank: Who are the Sikhs?)

the Untouchables

Frank
Triple Stumper
    $400 19
(Morgan: What are cones?)

coins

Morgan
    $800 14
(Philip) Marlowe

Morgan
    $800 21
(Alex: Referring to probably the most famous butterfly, the [*].)

the monarch

Triple Stumper
    $800 4
Prince Philip

Kathleen
    $1000 23
a volt

Frank
    $1000 10
the Sikhs

Morgan
    $1000 20
(We've got about a minute to go in the round.)

cirrus

Triple Stumper
    $1000 15
(Georges) Simenon

Morgan
    $1000 22
Spiro Gyra

Triple Stumper
    $1000 5
Queen Anne

Triple Stumper

Scores at the end of the Double Jeopardy! Round:

Frank Morgan Kathleen
$5,500 $3,500 $3,200

[wagering suggestions for these scores]

Final Jeopardy! Round responses

THE BIBLE
KathleenWho is St. John?
$3,200
MorganWho is Paul?
$100
FrankWho was John?
$1,600
Paul

Final scores:

Frank Morgan Kathleen
$3,900 $3,600 $0
New champion: $3,900 2nd place: Tappan electric range + Zenith fun size TV 3rd place: Fultron car stereo

Game dynamics:

Coryat scores:

Frank Morgan Kathleen
$4,900 $3,900 $3,500
17 R
(including 1 DD),
5 W
10 R,
2 W
(including 1 DD)
12 R,
3 W
(including 1 DD)

Combined Coryat: $12,300

[game clues] [game scores] [suggest correction]

Game tape date: 1986-10-01
The J! Archive is created by fans, for fans. Scraping, republication, monetization, and malicious use prohibited; this site may use cookies and collect identifying information. See terms. The Jeopardy! game show and all elements thereof, including but not limited to copyright and trademark thereto, are the property of Jeopardy Productions, Inc. and are protected under law. This website is not affiliated with, sponsored by, or operated by Jeopardy Productions, Inc. Join the discussion at JBoard.tv.